Survey of India general report 1934. From 1st October 1933 to 30th September 1934.... (Record no. 97464)

MARC details
000 -LEADER
fixed length control field 00460cam a2200169 4500
001 - CONTROL NUMBER
control field M94842
008 - FIXED-LENGTH DATA ELEMENTS--GENERAL INFORMATION
fixed length control field 090401t1935 xxu||||| |||| 00| 0 eng d
035 ## - SYSTEM CONTROL NUMBER
System control number (Sirsi) u89479
041 ## - LANGUAGE CODE
Language code of text/sound track or separate title eng
110 ## - MAIN ENTRY--CORPORATE NAME
Corporate name or jurisdiction name as entry element Survey of India
9 (RLIN) 2931
245 ## - TITLE STATEMENT
Title Survey of India general report 1934. From 1st October 1933 to 30th September 1934....
260 ## - PUBLICATION, DISTRIBUTION, ETC.
Name of publisher, distributor, etc. Survey of India
Date of publication, distribution, etc. 1935
300 ## - PHYSICAL DESCRIPTION
Extent 72p. : ill.,maps ; 25cm.
350 ## - PRICE (NR) (BK AM CF MU VM SE) [OBSOLETE]
Price 0
942 ## - ADDED ENTRY ELEMENTS (KOHA)
Suppress in OPAC 0
948 ## - LOCAL PROCESSING INFORMATION (OCLC); SERIES PART DESIGNATOR (RLIN)
c (OCLC) 04/11/1998
Holdings
Withdrawn status Lost status Source of classification or shelving scheme Damaged status Not for loan Home library Current library Shelving location Date acquired Total Checkouts Full call number Barcode Date last seen Copy number Price effective from Koha item type
    Dewey Decimal Classification     London London Basement 14/09/1999   SHELF 205 30012811 06/08/2019 1 06/08/2019 Reference material